K INTERNACIONALIZÁCII SÚČASNEJ SLOVENSKEJ FRAZEOLÓGIE

Bibliographic Details
Main Author: Mlacek, Jozef, 1937- (Author)
Format: Article
Language:Slovak
ISBN:802240599X
Subjects:

MARC

LEADER 00000naa a2200000 a 4500
001 vtls011850070
003 SK-MaSNL
005 20260302134130.0
008 210910|1999 xo |||||||||||||||||slo|
015 |a SNBCL 
035 |a (urnnbn)urn:nbn:sk:snk:ar-a0arap 
035 |a urn:nbn:sk:snk-aaw5b0 
035 |a (uuid)21361ccf-d257-4a06-b8d8-1fb40f2a011d 
040 |a SNKBUCL  |b slo  |c SNKBUCL  |e AACR2 
041 |a slo 
044 |a xo  |c SK 
100 1 |a Mlacek, Jozef,  |4 aut  |d 1937- 
245 1 0 |a K INTERNACIONALIZÁCII SÚČASNEJ SLOVENSKEJ FRAZEOLÓGIE  |c Jozef Mlacek 
336 |a text  |b txt  |c rdacontent 
337 |a bez média  |b n  |c rdamedia 
338 |a zväzok  |b nc  |c rdacarrier 
655 7 |a články zo zborníkov  |2 snkbucl  |9 166140 
773 0 |t Internacionalizácia v súčasných slovanských jazykoch: Za a proti  |d Bratislava : Veda, 1999  |g S. 88-99  |z 802240599X 
958 |a OND 
958 |a article26 
958 |a chapter 
999 |c 1320122  |d 1322052